| 000 | nam a22 7a 4500 | ||
|---|---|---|---|
| 999 |
_c27078 _d27078 |
||
| 008 | 170207b xxu||||| |||| 00| 0 eng d | ||
| 050 | _aLB1027 .Z55 1995 | ||
| 100 |
_aZike,Dinah _d1995. |
||
| 245 |
_aDinah Zike's Big Book of Projects, _bHow to design, develop,&make projects, from kindergarten through college / _cDinah Zike |
||
| 260 |
_aTexas: _bDinah Might, _c1995. |
||
| 300 |
_a147 p.: _bill.; _c26cm. |
||
| 650 | _2Projects | ||
| 942 |
_2lcc _cBOOKS _hLB1027 .Z55 1995 _k31958 |
||